Eight great tragedies
Spremljeno u:
| Glavni autori: | , , |
|---|---|
| Format: | Knjiga |
| Jezik: | engleski |
| Izdano: |
Nueva York
The New American Library
1957
|
| Serija: | A Mentor Book, 195
|
| Teme: | |
| Oznake: |
Dodaj oznaku
Bez oznaka, Budi prvi tko označuje ovaj zapis!
|
MARC
| LEADER | 00000nam a2200000 a 4500 | ||
|---|---|---|---|
| 001 | UCX6177 | ||
| 003 | CL-VaPUC | ||
| 008 | 930428e19570000US |||||||||||||||||eng|d | ||
| 082 | 0 | 4 | |a 808.82 |b BAR |2 21 |
| 100 | 0 | |a Barnet, Sylvan |e author |9 322595 | |
| 700 | 0 | |a Berman, Morton |e author |9 322596 | |
| 700 | 0 | |a Burto, William |e author |9 322597 | |
| 245 | 1 | 0 | |a Eight great tragedies |
| 300 | |a 443 p | ||
| 942 | |c BK | ||
| 945 | |d 19930428 00:00:00 | ||
| 260 | |a Nueva York |b The New American Library |c 1957 | ||
| 650 | 0 | |a Tragedia griega |9 265362 | |
| 650 | 0 | |a Dramas ingleses |9 269396 | |
| 583 | |a last modification |c 19930428 00:00:00 |k Rodrigo Vera | ||
| 490 | 0 | |a A Mentor Book, 195 | |
| 999 | |c 226249 |d 226247 | ||
| 952 | |0 0 |1 0 |4 0 |6 808_820000000000000_BAR_1957 |7 0 |8 A |9 224479 |a BIBEDU |b BIBEDU |d 2019-11-15 |i 2932326 |o 808.82 BAR 1957 |p 2932326 |r 2019-11-15 |w 2019-11-15 |y BK |k LIT | ||